[Event "C.to Mondiale U14"]
[Site "Durban RSA"]
[Date "2014.09.26"]
[Round "8"]
[White "Moroni, Luca jr"]
[Black "Zhu, Yi"]
[WhiteElo "2328"]
[BlackElo "2231"]
[Result "1/2-1/2"]
[PlyCount "97"]
[EventDate "2014.09.20"]

1. Nf3 d5 2. g3 Nf6 3. Bg2 c5 4. O-O Nc6 5. d4 e6 6. b3 Be7 7. Bb2 O-O 8. Nbd2
b6 9. c4 Bb7 10. e3 Rc8 11. Qe2 Ba6 12. Rac1 cxd4 13. exd4 Bb4 14. Rfd1 Na5 15.
Ne5 dxc4 16. Ndxc4 Nxc4 17. bxc4 Qe8 18. Qf3 Nd7 19. Nc6 Bb7 20. d5 Bxc6 21.
dxc6 Nb8 22. Qg4 e5 23. Rd7 Nxc6 24. Rcd1 Nd4 25. Bd5 Bc5 26. Re1 a5 27. Kg2
Ne6 28. Rxe5 h5 29. Rxh5 Qxd7 30. Bxg7 Nxg7 31. Qxd7 Nxh5 32. Bxf7+ Rxf7 33.
Qxc8+ Kg7 34. Qg4+ Kh6 35. f4 Nxf4+ 36. Kf1 Nd5+ 37. Ke1 Ne3 38. Qe6+ Kg7 39.
Qe5+ Rf6 40. Qc7+ Rf7 41. Qe5+ Kf8 42. Qh8+ Ke7 43. h4 Bd6 44. Ke2 Ng4 45. Qd4
Rf2+ 46. Kd1 Rf1+ 47. Ke2 Rf2+ 48. Kd1 Rf1+ 49. Ke2 1/2-1/2

[Event "C.to Mondiale U14"]
[Site "Durban RSA"]
[Date "2014.09.27"]
[Round "9"]
[White "Pinto, Daniel"]
[Black "Moroni, Luca jr"]
[WhiteElo "1993"]
[BlackElo "2328"]
[Result "0-1"]
[PlyCount "68"]
[EventDate "2014.09.20"]

1. e4 e6 2. d4 d5 3. e5 c5 4. c3 Nc6 5. Nf3 Qb6 6. a3 Bd7 7. b4 cxd4 8. cxd4
Rc8 9. Be3 Nge7 10. Be2 Nf5 11. O-O Be7 12. g4 Nxe3 13. fxe3 O-O 14. Bd3 Nb8
15. Qe2 a5 16. b5 a4 17. Qd2 Bd8 18. Nc3 Qa5 19. Rfc1 Be8 20. Rab1 Nd7 21. Qc2
h6 22. h4 Nb6 23. Kg2 Be7 24. Qb2 Nc4 25. Bxc4 Rxc4 26. Nd2 Rc7 27. h5 Bd7 28.
e4 Rfc8 29. Nxd5 Bxa3 30. Rxc7 Bxb2 31. Nc4 Rxc7 32. Nxa5 Rc2+ 33. Kf3 exd5 34.
exd5 a3 0-1

[Event "C.to Mondiale U14"]
[Site "Durban RSA"]
[Date "2014.09.28"]
[Round "10"]
[White "Moroni, Luca jr"]
[Black "Tabatabaei, M. Amin"]
[WhiteElo "2328"]
[BlackElo "2326"]
[Result "1/2-1/2"]
[PlyCount "175"]
[EventDate "2014.09.20"]

1. c4 e5 2. Nc3 Bb4 3. Qb3 Nc6 4. Nf3 a5 5. a3 Bc5 6. e3 d6 7. Be2 Nf6 8. d3
O-O 9. O-O Re8 10. Bd2 Bd7 11. Rfe1 e4 12. dxe4 Nxe4 13. Nxe4 Rxe4 14. Qc2 Re8
15. b3 Qf6 16. Bc3 Qh6 17. Qb2 Bg4 18. Nd4 Ne5 19. Nb5 Bxe2 20. Qxe2 Rac8 21.
b4 axb4 22. axb4 Bb6 23. Bd4 c5 24. bxc5 Bxc5 25. Red1 Re6 26. Nc7 Rg6 27. Nd5
Nc6 28. Bxc5 dxc5 29. Rab1 Rb8 30. Rb5 b6 31. Rxb6 Rxb6 32. Nxb6 Qg5 33. f4 Qe7
34. Qf3 h6 35. Nd5 Qd6 36. Qe4 Re6 37. Qd3 Qd8 38. Ra1 Re8 39. Ra6 Qc8 40. Qa3
Kh8 41. Rb6 Ne7 42. Qc3 Kg8 43. Nxe7+ Rxe7 44. Qd3 Re8 45. Rd6 Qa8 46. Rd5 Qa5
47. Kf2 Qa2+ 48. Kf3 Qa5 49. Qd2 Qb6 50. Rd7 h5 51. Qd3 Qf6 52. Rd5 Qc6 53. Kf2
g6 54. Rd8 Rxd8 55. Qxd8+ Kg7 56. Qd5 Qb6 57. Qe5+ Kh7 58. h3 Qb4 59. Qd5 Kg7
60. Kf3 h4 61. Qe5+ Kg8 62. Qe8+ Kg7 63. Qe5+ Kg8 64. Kg4 Qxc4 65. Kxh4 Qc2 66.
g4 c4 67. Kg5 Qf2 68. Qd4 Qf1 69. Qd8+ Kg7 70. Qd4+ Kg8 71. Kf6 Qd3 72. Qc5
Qc3+ 73. Ke7 Kg7 74. g5 Qa1 75. Qxc4 Qa7+ 76. Kd6 Qxe3 77. h4 Qd2+ 78. Kc5 Qe1
79. Qd4+ Kg8 80. Qd8+ Kg7 81. Qd4+ Kg8 82. Kd6 Qxh4 83. Qe3 Qh1 84. Qe8+ Kg7
85. Qe5+ Kf8 86. Qd4 Kg8 87. Qd5 Qxd5+ 88. Kxd5 1/2-1/2

[Event "C.to Mondiale U14"]
[Site "Durban RSA"]
[Date "2014.09.29"]
[Round "11"]
[White "Janik, Igor"]
[Black "Moroni, Luca jr"]
[WhiteElo "2130"]
[BlackElo "2328"]
[Result "1-0"]
[PlyCount "63"]
[EventDate "2014.09.20"]

1. e4 e6 2. d4 d5 3. Nd2 h6 4. Bd3 Nf6 5. e5 Nfd7 6. Ne2 c5 7. c3 b6 8. f4 Ba6
9. Bxa6 Nxa6 10. O-O g6 11. Nf3 Bg7 12. Be3 O-O 13. g4 Rc8 14. Qa4 Ndb8 15. f5
Qe8 16. Qd1 exf5 17. gxf5 cxd4 18. Bxd4 gxf5 19. Nf4 Nc7 20. Nh5 Nc6 21. Nxg7
Kxg7 22. Nh4 Rg8 23. Kh1 Qe6 24. Qh5 Ne7 25. Nxf5+ Nxf5 26. Rxf5 Ne8 27. Raf1
Rc7 28. Rf6 Nxf6 29. Rxf6 Qxf6 30. exf6+ Kf8 31. Qe5 Rb7 32. Qxd5 1-0

[Event "C.to Mondiale U14 femminile"]
[Site "Durban RSA"]
[Date "2014.09.23"]
[Round "5"]
[White "Nassr, Lina"]
[Black "Manguerra, Lyn Jane"]
[WhiteElo "1604"]
[BlackElo "1612"]
[Result "1-0"]
[PlyCount "57"]
[EventDate "2014.09.20"]

1. e4 c5 2. Nf3 Nc6 3. d4 cxd4 4. Nxd4 Nf6 5. Nc3 e5 6. Ndb5 d6 7. Bg5 a6 8.
Bxf6 gxf6 9. Na3 b5 10. Nd5 Bg7 11. c3 Ne7 12. Nxe7 Qxe7 13. Nc2 f5 14. exf5
Bxf5 15. Ne3 Be6 16. Qf3 Rc8 17. Nf5 Bxf5 18. Qxf5 Rc5 19. Qf3 d5 20. Rd1 e4
21. Qe2 Rg8 22. g3 Qe6 23. Bg2 Bh6 24. O-O f5 25. Bh3 Qg6 26. Kh1 Kd7 27. Qxe4
Kc6 28. Qxf5 Qxf5 29. Bxf5 1-0

[Event "C.to Mondiale U14 femminile"]
[Site "Durban RSA"]
[Date "2014.09.23"]
[Round "6"]
[White "Manguerra, Lyn Jane"]
[Black "Joubert, Dantelle"]
[WhiteElo "1612"]
[BlackElo "1346"]
[Result "1-0"]
[PlyCount "87"]
[EventDate "2014.09.20"]

1. e4 e5 2. Nf3 Nc6 3. Bc4 Bc5 4. O-O Nf6 5. d4 exd4 6. e5 d5 7. exf6 dxc4 8.
Re1+ Be6 9. Ng5 Qxf6 10. Nxe6 fxe6 11. Qh5+ g6 12. Qxc5 Rf8 13. Rf1 e5 14. Nd2
O-O-O 15. Nxc4 Rde8 16. Bd2 Rf7 17. f3 Kb8 18. Qa3 g5 19. Qd3 h5 20. a4 Rg7 21.
b4 Qe6 22. Rae1 g4 23. b5 gxf3 24. Rxf3 h4 25. bxc6 Reg8 26. Rf2 Qxc6 27. Ree2
Qxa4 28. Nxe5 a5 29. Qb3 b5 30. Qxa4 bxa4 31. Nc6+ Kb7 32. Nxa5+ Kb6 33. Re1
Ra8 34. Rf5 Rag8 35. Rb1+ Ka6 36. Rf6+ c6 37. Kh1 Ka7 38. Nxc6+ Ka8 39. Ra1 Kb7
40. Rxa4 Rxg2 41. Rb4+ Kc7 42. Bf4+ Kd7 43. Rb7+ Ke8 44. Re7# 1-0

[Event "C.to Mondiale U14 femminile"]
[Site "Durban RSA"]
[Date "2014.09.25"]
[Round "7"]
[White "Gardiner, Nina"]
[Black "Manguerra, Lyn Jane"]
[WhiteElo "1663"]
[BlackElo "1612"]
[Result "0-1"]
[PlyCount "68"]
[EventDate "2014.09.20"]

1. e4 c5 2. Nf3 Nc6 3. d4 cxd4 4. Nxd4 Nf6 5. Nc3 e5 6. Ndb5 d6 7. Bg5 a6 8.
Na3 b5 9. Nd5 Be7 10. Bxf6 Bxf6 11. c3 Bg5 12. Nc2 O-O 13. a4 bxa4 14. Rxa4 a5
15. Bb5 Ne7 16. Ncb4 Bb7 17. Nxe7+ Qxe7 18. Nc6 Qc7 19. Rc4 Qb6 20. Qa4 f5 21.
O-O fxe4 22. Rxe4 Rfc8 23. Rg4 Bf6 24. Rd1 Bxc6 25. Rxd6 Qxb5 26. Qa2+ Kh8 27.
Qf7 Rf8 28. Qc7 Qxb2 29. h3 Qb7 30. Rxc6 Qxc7 31. Rxc7 a4 32. Rcc4 a3 33. Ra4
a2 34. Kh2 a1=Q 0-1

[Event "C.to Mondiale U14 femminile"]
[Site "Durban RSA"]
[Date "2014.09.26"]
[Round "8"]
[White "Manguerra, Lyn Jane"]
[Black "Hoshino, Karen"]
[WhiteElo "1612"]
[BlackElo "1724"]
[Result "0-1"]
[PlyCount "69"]
[EventDate "2014.09.20"]

1. e4 c5 2. Nf3 d6 3. d4 cxd4 4. Nxd4 Nf6 5. f3 a6 6. c4 e6 7. Nc3 Be7 8. Be2
Bd7 9. Be3 Nc6 10. Nb3 Ne5 11. O-O O-O 12. Rc1 Rc8 13. Qd4 Qc7 14. Nd1 Nc6 15.
Qc3 Rfd8 16. Nf2 d5 17. cxd5 exd5 18. Rfd1 dxe4 19. fxe4 Qe5 20. Qxe5 Nxe5 21.
Rxc8 Bxc8 22. Rc1 h6 23. Nc5 Re8 24. Bd4 Bxc5 25. Bxc5 Bg4 26. Nxg4 Nexg4 27.
Bf3 Ne5 28. Bd4 Nfd7 29. Rc7 b5 30. Bxe5 Nxe5 31. Ra7 Re6 32. Kf1 g5 33. Ke2 g4
34. b3 gxf3+ 35. gxf3 0-1

[Event "C.to Mondiale U14 femminile"]
[Site "Durban RSA"]
[Date "2014.09.27"]
[Round "9"]
[White "Andriatsiferana, Irina"]
[Black "Manguerra, Lyn Jane"]
[WhiteElo "1613"]
[BlackElo "1612"]
[Result "1-0"]
[PlyCount "83"]
[EventDate "2014.09.20"]

1. e4 c5 2. Nf3 Nc6 3. d4 cxd4 4. Nxd4 Nf6 5. Nc3 e5 6. Ndb5 d6 7. Bg5 a6 8.
Na3 b5 9. Bxf6 gxf6 10. Nd5 Bg7 11. Bd3 Ne7 12. c4 bxc4 13. Qa4+ Bd7 14. Qxc4
O-O 15. O-O Be6 16. Nxe7+ Qxe7 17. Qc1 d5 18. exd5 Bxd5 19. Re1 Qd7 20. Qc2 e4
21. Bxe4 Bxe4 22. Rxe4 f5 23. Rf4 Rac8 24. Nc4 Qb5 25. Rb1 Rfe8 26. b3 Qe5 27.
Nxe5 Rxc2 28. Nd3 Rxa2 29. Rxf5 Rd8 30. Nb4 Rb2 31. Rc1 Bh6 32. Ra1 Rd6 33. g3
Rxb3 34. Nxa6 Bg7 35. Ra4 Rb2 36. Nc5 Bd4 37. Ne4 Rd8 38. Ng5 Rd7 39. Nxf7
Bxf2+ 40. Rxf2 Rxf2 41. Kxf2 Rd2+ 42. Ke3 1-0

[Event "C.to Mondiale U16"]
[Site "Durban RSA"]
[Date "2014.09.20"]
[Round "1"]
[White "Rambaldi, Francesco"]
[Black "Ahmed, Fareed"]
[WhiteElo "2456"]
[BlackElo "1929"]
[Result "1-0"]
[PlyCount "61"]
[EventDate "2014.09.20"]

1. Nf3 Nf6 2. c4 c5 3. Nc3 e6 4. g3 b6 5. Bg2 Bb7 6. O-O Be7 7. Re1 O-O 8. e4
d6 9. d4 cxd4 10. Nxd4 Qc7 11. Be3 a6 12. Rc1 Nbd7 13. b3 Rac8 14. g4 Rfd8 15.
g5 Ne8 16. f4 Qb8 17. f5 exf5 18. Nxf5 Bf8 19. Nd5 Bxd5 20. exd5 b5 21. Nd4 Ne5
22. Nc6 Nxc6 23. dxc6 Nc7 24. Bd5 Re8 25. Qf3 Ne6 26. a4 bxa4 27. bxa4 Qb2 28.
Rf1 Rc7 29. Rb1 Qe5 30. Kh1 Nd8 31. Bb6 1-0

[Event "C.to Mondiale U16"]
[Site "Durban RSA"]
[Date "2014.09.20"]
[Round "1"]
[White "Zamengo, Fulvio"]
[Black "Conradie, Andre"]
[WhiteElo "2276"]
[BlackElo "1748"]
[Result "1-0"]
[PlyCount "37"]
[EventDate "2014.09.20"]

1. e4 c6 2. d4 d5 3. e5 c5 4. Nf3 Nc6 5. dxc5 Bg4 6. c3 e6 7. b4 Nge7 8. Nbd2
Ng6 9. Bb5 Rc8 10. Qa4 Qc7 11. O-O a6 12. Bxc6+ Qxc6 13. b5 Qxc5 14. bxa6+ b5
15. Qxg4 Qxc3 16. Qd4 Qa5 17. a4 Bc5 18. axb5 Qxb5 19. Qa4 1-0

[Event "C.to Mondiale U16"]
[Site "Durban RSA"]
[Date "2014.09.21"]
[Round "2"]
[White "Chen, Junhong"]
[Black "Zamengo, Fulvio"]
[WhiteElo "1846"]
[BlackElo "2276"]
[Result "1/2-1/2"]
[PlyCount "100"]
[EventDate "2014.09.20"]

1. d4 Nf6 2. c4 g6 3. Nc3 d5 4. e3 Bg7 5. Nf3 O-O 6. Bd3 dxc4 7. Bxc4 Nbd7 8.
O-O c5 9. Qe2 cxd4 10. exd4 Nb6 11. Bb3 Bg4 12. Rd1 Qd7 13. h3 Bxf3 14. Qxf3
Rfd8 15. Ne4 Qc6 16. Nxf6+ Bxf6 17. d5 Qd7 18. d6 Qc6 19. dxe7 Rxd1+ 20. Bxd1
Qxf3 21. Bxf3 Re8 22. Rb1 Rxe7 23. Bf4 Na4 24. Bd6 Rd7 25. Ba3 Be7 26. Bxe7
Rxe7 27. b3 Nc3 28. Rc1 Nb5 29. Bd5 Nd4 30. Kf1 Kg7 31. Rc4 Nb5 32. a4 Nd6 33.
Rf4 Re5 34. Bf3 Kf8 35. Rd4 Ke7 36. Rd5 Rxd5 37. Bxd5 Kf6 38. f4 Kf5 39. g3 h5
40. h4 b6 41. Kg2 Kf6 42. Kf3 a5 43. g4 hxg4+ 44. Kxg4 Nf5 45. Be4 Nh6+ 46. Kf3
Ke6 47. Ke3 Nf5+ 48. Bxf5+ Kxf5 49. Kf3 Ke6 50. Ke4 f5+ 1/2-1/2

[Event "C.to Mondiale U16"]
[Site "Durban RSA"]
[Date "2014.09.21"]
[Round "2"]
[White "Li, Di"]
[Black "Rambaldi, Francesco"]
[WhiteElo "2192"]
[BlackElo "2456"]
[Result "1-0"]
[PlyCount "85"]
[EventDate "2014.09.20"]

1. d4 Nf6 2. c4 g6 3. Nf3 Bg7 4. g3 c5 5. d5 b5 6. cxb5 a6 7. bxa6 d6 8. Nc3
O-O 9. Bg2 Nbd7 10. O-O Nb6 11. Re1 Bxa6 12. e4 Ne8 13. Bf1 Nc7 14. Bxa6 Rxa6
15. Qe2 Qa8 16. Bg5 Re8 17. Rad1 Na4 18. e5 Nxc3 19. bxc3 Rxa2 20. Qd3 Qa6 21.
Qxa6 Rxa6 22. Bf4 Bf8 23. c4 Rb8 24. Rb1 Rab6 25. Rxb6 Rxb6 26. h4 Rb4 27. exd6
exd6 28. Nd2 Kg7 29. Ra1 Ne8 30. Ra6 Nf6 31. Kf1 Nd7 32. Ke2 Nb6 33. Kd3 Kg8
34. Ra7 Na4 35. Ne4 Nb2+ 36. Ke2 Rxc4 37. Nf6+ Kg7 38. Ne8+ Kg8 39. Ra8 Rc2+
40. Kf3 f5 41. Ra7 Kh8 42. Nf6 Bg7 43. Bh6 1-0

[Event "C.to Mondiale U16"]
[Site "Durban RSA"]
[Date "2014.09.21"]
[Round "3"]
[White "Rambaldi, Francesco"]
[Black "Valkama, Eero"]
[WhiteElo "2456"]
[BlackElo "2073"]
[Result "1-0"]
[PlyCount "67"]
[EventDate "2014.09.20"]

1. Nf3 Nf6 2. c4 e6 3. g3 d5 4. b3 Be7 5. Bg2 O-O 6. Bb2 c5 7. cxd5 exd5 8. O-O
b5 9. a4 b4 10. d3 Nc6 11. Nbd2 Ba6 12. Qc2 Rc8 13. e3 Na5 14. Rfd1 Qb6 15. Bf1
Rc7 16. Rac1 Rfc8 17. Bh3 Rd8 18. Ne5 Ne8 19. Qb1 f6 20. Nef3 Bc8 21. Bxc8
Rdxc8 22. e4 dxe4 23. dxe4 Qe6 24. Qc2 Nd6 25. e5 fxe5 26. Bxe5 Rc6 27. Bxd6
Bxd6 28. Nc4 Nxc4 29. Ng5 Qg6 30. Qxc4+ Kf8 31. Ne6+ Ke8 32. Re1 Be7 33. Nf4
Qf7 34. Nd5 1-0

[Event "C.to Mondiale U16"]
[Site "Durban RSA"]
[Date "2014.09.21"]
[Round "3"]
[White "Zamengo, Fulvio"]
[Black "Sanal, Vahap"]
[WhiteElo "2276"]
[BlackElo "2473"]
[Result "1/2-1/2"]
[PlyCount "150"]
[EventDate "2014.09.20"]

1. e4 c5 2. Nf3 e6 3. c4 a6 4. Nc3 d6 5. Be2 Nf6 6. O-O Be7 7. d4 cxd4 8. Nxd4
Qc7 9. Be3 b6 10. Qd2 Bb7 11. f3 Nbd7 12. Rfd1 O-O 13. Rac1 Rac8 14. Bf1 Rfe8
15. Qf2 Qb8 16. b4 Bd8 17. Nb3 Bc7 18. g3 h5 19. c5 bxc5 20. bxc5 d5 21. exd5
exd5 22. Ne2 Ne5 23. Bf4 d4 24. Nexd4 Nxf3+ 25. Nxf3 Ng4 26. Qg2 Bxf4 27. gxf4
Qxf4 28. Qg3 Qxg3+ 29. hxg3 Bxf3 30. Rd6 Re3 31. Rd3 Rce8 32. c6 Rxd3 33. Bxd3
Ne5 34. c7 Bb7 35. Bf5 Bc8 36. Bxc8 Rxc8 37. Nd4 g6 38. Ne2 Nd7 39. Nf4 Nf6 40.
Rc6 Kg7 41. a4 g5 42. Nh3 Kg6 43. Nf2 Kf5 44. Rc5+ Kg6 45. Rc6 Kf5 46. Rc5+ Ke6
47. Rxg5 Rxc7 48. Ra5 Rc6 49. Nd3 Nd5 50. Nf4+ Nxf4 51. gxf4 Rc4 52. Rxa6+ Kf5
53. Ra5+ Kg4 54. Rg5+ Kxf4 55. Rxh5 Rc1+ 56. Kf2 Rc2+ 57. Kf1 f5 58. Rh3 Ra2
59. Rc3 Rxa4 60. Rb3 Re4 61. Kf2 Rc4 62. Rf3+ Ke5 63. Re3+ Kf6 64. Kf3 Kg5 65.
Ra3 Rh4 66. Kg3 f4+ 67. Kg2 Kg4 68. Ra8 f3+ 69. Kf1 Kg3 70. Rg8+ Rg4 71. Rxg4+
Kxg4 72. Kf2 Kf4 73. Kf1 Kg3 74. Kg1 f2+ 75. Kf1 Kf3 1/2-1/2

[Event "C.to Mondiale U16"]
[Site "Durban RSA"]
[Date "2014.09.22"]
[Round "4"]
[White "Sinyanskiy, Maxim"]
[Black "Rambaldi, Francesco"]
[WhiteElo "2038"]
[BlackElo "2456"]
[Result "0-1"]
[PlyCount "80"]
[EventDate "2014.09.20"]

1. Nf3 d5 2. e3 Nf6 3. c4 e6 4. b3 Bd6 5. Bb2 O-O 6. Be2 b6 7. O-O Bb7 8. Nc3
a6 9. Rc1 Nbd7 10. Qc2 Qe7 11. Rfd1 Rac8 12. Qb1 Rfd8 13. h3 c5 14. cxd5 exd5
15. d4 Re8 16. Qf5 Bb8 17. Qg5 h6 18. Qh4 Nf8 19. dxc5 bxc5 20. Qa4 Qe6 21. b4
d4 22. exd4 cxd4 23. Nxd4 Qe5 24. g3 Ne6 25. Bf3 Nxd4 26. Bxb7 Rxc3 27. Bxc3
Ne2+ 28. Kg2 Nxc3 29. Qxa6 Nxd1 30. Rxd1 h5 31. Bc6 Rf8 32. Qc4 Ba7 33. a4 Qb2
34. Rf1 Rd8 35. Qa6 Qd4 36. a5 h4 37. b5 hxg3 38. b6 Bb8 39. Bf3 Qf4 40. Kg1
Qxf3 0-1

[Event "C.to Mondiale U16"]
[Site "Durban RSA"]
[Date "2014.09.22"]
[Round "4"]
[White "Yang Ching Wei, Austin"]
[Black "Zamengo, Fulvio"]
[WhiteElo "1941"]
[BlackElo "2276"]
[Result "1-0"]
[PlyCount "113"]
[EventDate "2014.09.20"]

1. e4 c5 2. Nf3 Nc6 3. d4 cxd4 4. Nxd4 Qb6 5. Nb3 Nf6 6. Nc3 e6 7. Qe2 Bb4 8.
Bd2 O-O 9. a3 Be7 10. e5 Ne8 11. O-O-O f6 12. exf6 Bxf6 13. Ne4 d5 14. Be3 Qc7
15. Nxf6+ Nxf6 16. g4 b5 17. g5 Ne4 18. Bg2 Nd6 19. g6 h6 20. Kb1 Bd7 21. Nc5
Rae8 22. Rhe1 Ne7 23. Bh3 Nef5 24. Nxd7 Qxd7 25. Bc5 Rf6 26. Bxd6 Qxd6 27. Qxb5
Rb8 28. Qa5 Ne7 29. Qxa7 e5 30. Bg2 Rd8 31. c4 d4 32. c5 Qe6 33. Qc7 Rc8 34.
Qxe5 Qxe5 35. Rxe5 Nxg6 36. Bd5+ Kh8 37. Re6 Rxc5 38. Rxf6 gxf6 39. Rxd4 Ne5
40. h3 Kg7 41. f4 Ng6 42. Be6 Kf8 43. b4 Rc6 44. f5 Ne5 45. Kb2 Ke7 46. a4 h5
47. a5 Ra6 48. Kb3 h4 49. Rxh4 Rd6 50. Rh7+ Ke8 51. b5 Rd1 52. b6 Nc6 53. Kc2
Ra1 54. Bd7+ Kd8 55. Bxc6 Rxa5 56. b7 Rc5+ 57. Kd3 1-0

[Event "C.to Mondiale U16"]
[Site "Durban RSA"]
[Date "2014.09.23"]
[Round "5"]
[White "Rambaldi, Francesco"]
[Black "Wu, Christopher"]
[WhiteElo "2456"]
[BlackElo "2274"]
[Result "0-1"]
[PlyCount "140"]
[EventDate "2014.09.20"]

1. d4 Nf6 2. c4 e6 3. Nc3 Bb4 4. Qc2 O-O 5. Nf3 c5 6. dxc5 Na6 7. g3 Nxc5 8.
Bg2 Nce4 9. O-O Nxc3 10. bxc3 Bc5 11. Nd4 d6 12. Nb3 Nd7 13. Rd1 Qe7 14. Nxc5
Nxc5 15. Qd2 Rd8 16. Ba3 Qc7 17. f4 Rb8 18. e4 Rd7 19. f5 e5 20. f6 Rd8 21. Rf1
gxf6 22. Rxf6 Be6 23. Rh6 Kh8 24. Rd1 Qe7 25. Qe2 Qg5 26. Bc1 Qg7 27. Rh4 f6
28. Be3 b6 29. Rf1 Rb7 30. Bh3 Bxh3 31. Rxh3 Nxe4 32. Rf5 d5 33. Qf3 Rf7 34.
Bh6 Qg6 35. cxd5 Nxc3 36. Be3 Nxd5 37. Rh6 Qg7 38. Bc1 Rc7 39. Qf1 Rdc8 40. Bd2
Qg4 41. Rh4 Qg6 42. Rh6 Qg8 43. Rfh5 Rg7 44. Qf5 Rcc7 45. Rxf6 Nxf6 46. Qxf6
Qf7 47. Qxe5 Rc5 48. Qb8+ Qg8 49. Qxg8+ Kxg8 50. Rh4 Rd7 51. Be1 Rd1 52. Re4
Rcc1 53. Kf2 Rc2+ 54. Kf3 Rxa2 55. h4 a5 56. h5 Rd3+ 57. Kf4 Kf7 58. g4 b5 59.
Kg5 b4 60. Kh6 b3 61. g5 Rh2 62. Bh4 Rxh4 63. Rxh4 b2 64. Rh1 Kg8 65. g6 hxg6
66. hxg6 Rb3 67. Rd1 Rb8 68. Rd7 b1=Q 69. Rg7+ Kf8 70. Rf7+ Ke8 0-1

[Event "C.to Mondiale U16"]
[Site "Durban RSA"]
[Date "2014.09.23"]
[Round "5"]
[White "Zamengo, Fulvio"]
[Black "Berman, Jacob"]
[WhiteElo "2276"]
[BlackElo "1837"]
[Result "1-0"]
[PlyCount "65"]
[EventDate "2014.09.20"]

1. e4 e6 2. d4 d5 3. e5 c5 4. c3 Nc6 5. Nf3 Qb6 6. Bd3 cxd4 7. cxd4 Bd7 8. O-O
Nxd4 9. Nbd2 Bc5 10. Nxd4 Bxd4 11. Nf3 Ne7 12. Rb1 Nc6 13. Bf4 Rc8 14. b4 Bc3
15. b5 Nb4 16. Be2 Nxa2 17. Qa4 Qa5 18. Qb3 O-O 19. Be3 d4 20. Bg5 f6 21. exf6
gxf6 22. Bh6 Rfe8 23. Bc4 Qb4 24. Qd1 Qe7 25. Bxa2 Rc5 26. Nxd4 Bxd4 27. Qxd4
Bxb5 28. Rfe1 Re5 29. Rxe5 fxe5 30. Qg4+ Kh8 31. Rxb5 Rg8 32. Qf3 b6 33. Rxe5
1-0

[Event "C.to Mondiale U16"]
[Site "Durban RSA"]
[Date "2014.09.23"]
[Round "6"]
[White "Petr, Jan"]
[Black "Rambaldi, Francesco"]
[WhiteElo "2140"]
[BlackElo "2456"]
[Result "0-1"]
[PlyCount "53"]
[EventDate "2014.09.20"]

1. d4 Nf6 2. Bg5 e6 3. Nd2 c5 4. e3 b6 5. Ngf3 Bb7 6. Bd3 Be7 7. O-O O-O 8. Qe2
h6 9. Bxf6 Bxf6 10. c3 Nc6 11. Rad1 Qc7 12. Rfe1 d5 13. Bb1 Rad8 14. h4 e5 15.
e4 exd4 16. e5 Be7 17. cxd4 Bc8 18. h5 f5 19. exf6 Rxf6 20. Nf1 Bg4 21. Ng3 Bd6
22. dxc5 Bxg3 23. Rxd5 Bxf3 24. Rxd8+ Nxd8 25. Qd2 Ne6 26. Rxe6 Rxe6 27. Qd8+
0-1

[Event "C.to Mondiale U16"]
[Site "Durban RSA"]
[Date "2014.09.23"]
[Round "6"]
[White "Sinyanskiy, Maxim"]
[Black "Zamengo, Fulvio"]
[WhiteElo "2038"]
[BlackElo "2276"]
[Result "0-1"]
[PlyCount "36"]
[EventDate "2014.09.20"]

1. e4 g6 2. d4 Bg7 3. Nc3 c6 4. Nf3 d5 5. h3 dxe4 6. Nxe4 Nd7 7. Bd3 Ngf6 8.
Nxf6+ Nxf6 9. Bg5 O-O 10. Qd2 b5 11. O-O Be6 12. Rfe1 Qb6 13. c3 Rfe8 14. Bh6
Rad8 15. Bxg7 Kxg7 16. Qg5 Rd5 17. Ne5 Red8 18. Be2 c5 0-1

[Event "C.to Mondiale U16"]
[Site "Durban RSA"]
[Date "2014.09.25"]
[Round "7"]
[White "Rambaldi, Francesco"]
[Black "Nastase, Robert-Paul"]
[WhiteElo "2456"]
[BlackElo "2255"]
[Result "1-0"]
[PlyCount "23"]
[EventDate "2014.09.20"]

1. Nf3 f5 2. d3 Nf6 3. e4 d6 4. exf5 Bxf5 5. d4 Nc6 6. d5 Nb4 7. Nd4 Be4 8. Nc3
e5 9. dxe6 c6 10. Nxe4 Nxe4 11. Qf3 Qf6 12. c3 1-0

[Event "C.to Mondiale U16"]
[Site "Durban RSA"]
[Date "2014.09.25"]
[Round "7"]
[White "Zamengo, Fulvio"]
[Black "Van Foreest, Jorden"]
[WhiteElo "2276"]
[BlackElo "2457"]
[Result "0-1"]
[PlyCount "78"]
[EventDate "2014.09.20"]

1. e4 e5 2. Nf3 Nc6 3. Bb5 g6 4. Nc3 Bg7 5. d4 Nxd4 6. Nxd4 exd4 7. Ne2 Ne7 8.
Nxd4 a6 9. Be2 O-O 10. O-O h6 11. f4 d5 12. e5 c5 13. Nb3 b6 14. c4 Be6 15. Bf3
Ra7 16. cxd5 Nxd5 17. Be4 Rd7 18. Qf3 c4 19. Nd4 Qe7 20. Nxe6 Qxe6 21. Be3 Nxe3
22. Qxe3 Rfd8 23. Bc2 g5 24. fxg5 Qxe5 25. Qxe5 Bxe5 26. gxh6 Rd2 27. Be4 Bxb2
28. Rae1 c3 29. h7+ Kg7 30. h4 c2 31. Kh2 c1=Q 32. Rxc1 Bxc1 33. Rxc1 Rxa2 34.
Kh3 Re8 35. Bf5 Rf2 36. Bb1 a5 37. h5 a4 38. Rc7 Rf1 39. Bd3 Re3+ 0-1

[Event "C.to Mondiale U16"]
[Site "Durban RSA"]
[Date "2014.09.26"]
[Round "8"]
[White "Litvinov, Maxim"]
[Black "Rambaldi, Francesco"]
[WhiteElo "2211"]
[BlackElo "2456"]
[Result "0-1"]
[PlyCount "86"]
[EventDate "2014.09.20"]

1. e4 e6 2. d4 d5 3. Nc3 Nf6 4. Bg5 dxe4 5. Nxe4 Be7 6. Bxf6 gxf6 7. Nf3 f5 8.
Nc3 a6 9. Bc4 b5 10. Bb3 c5 11. dxc5 Bxc5 12. Qe2 Nc6 13. Bd5 Qc7 14. O-O-O O-O
15. Bxc6 Qxc6 16. Ne5 Qc7 17. g4 Bd6 18. f4 f6 19. gxf5 fxe5 20. Rxd6 Qxd6 21.
Qg2+ Kh8 22. Qxa8 exf4 23. Rd1 Qe5 24. fxe6 Qxe6 25. Qf3 b4 26. Nd5 Bb7 27. c4
Qe5 28. Qf2 f3 29. h4 Bxd5 30. cxd5 Rc8+ 31. Kb1 Qe4+ 32. Ka1 Qxd5 33. Rb1 a5
34. Qb6 Qe5 35. h5 Rf8 36. Qf2 Qf6 37. Rf1 Re8 38. Rb1 a4 39. Qc5 f2 40. Qb5
Rf8 41. Rf1 Qe7 42. Qxa4 Qe1+ 43. Qd1 Qxd1+ 0-1

[Event "C.to Mondiale U16"]
[Site "Durban RSA"]
[Date "2014.09.26"]
[Round "8"]
[White "Petr, Jan"]
[Black "Zamengo, Fulvio"]
[WhiteElo "2140"]
[BlackElo "2276"]
[Result "1-0"]
[PlyCount "117"]
[EventDate "2014.09.20"]

1. e4 e6 2. d4 d5 3. Nd2 h6 4. Bd3 Nf6 5. Ngf3 c5 6. c3 Nc6 7. e5 Nd7 8. O-O g5
9. dxc5 Bxc5 10. Nb3 Bf8 11. Nfd4 Ndxe5 12. f4 gxf4 13. Bxf4 Qe7 14. Nxc6 Nxc6
15. Qh5 Bd7 16. Bd6 Qxd6 17. Qxf7+ Kd8 18. Qf6+ Kc7 19. Qxh8 Rd8 20. Rae1 Kc8
21. Kh1 Qxh2+ 22. Kxh2 Bd6+ 23. Kh1 Rxh8 24. Bb5 h5 25. Nd4 Rh6 26. Bxc6 bxc6
27. Nf3 h4 28. Ne5 Be8 29. Nf7 Bxf7 30. Rxf7 Bc7 31. Re7 Rf6 32. R7xe6 Rf2 33.
R6e2 Rf5 34. b4 Kb7 35. Kg1 Kb6 36. a4 Bg3 37. Rd1 Rf4 38. Rd3 a5 39. bxa5+
Kxa5 40. Rd4 Rf7 41. Rb4 Ka6 42. a5 c5 43. Rb6+ Ka7 44. Rb1 d4 45. cxd4 cxd4
46. a6 d3 47. Rd2 Rf6 48. Rxd3 Rxa6 49. Rd7+ Ka8 50. Rd8+ Ka7 51. Rd7+ Ka8 52.
Rf1 Rb6 53. Rf8+ Bb8 54. Rdd8 Rb1+ 55. Kf2 Rb2+ 56. Kf3 Rb3+ 57. Kg4 Rg3+ 58.
Kxh4 Rxg2 59. Rxb8+ 1-0

[Event "C.to Mondiale U16"]
[Site "Durban RSA"]
[Date "2014.09.27"]
[Round "9"]
[White "Rambaldi, Francesco"]
[Black "Saiyn, Zhanat"]
[WhiteElo "2456"]
[BlackElo "2397"]
[Result "1-0"]
[PlyCount "97"]
[EventDate "2014.09.20"]

1. d4 Nf6 2. c4 e6 3. Nc3 Bb4 4. Bg5 h6 5. Bh4 c5 6. d5 exd5 7. cxd5 d6 8. f3
O-O 9. e4 a6 10. Bd3 Nbd7 11. Nge2 Ne5 12. O-O Ng6 13. Bf2 Bd7 14. Be3 Rb8 15.
g4 Re8 16. Qd2 Ne5 17. Ng3 Qe7 18. Rae1 b5 19. Nf5 Bxf5 20. gxf5 Nfd7 21. Be2
Qf6 22. Kh1 Kh7 23. Qc2 Nc4 24. Bc1 Kh8 25. Rg1 Qd4 26. Bxc4 bxc4 27. Bf4 Qf6
28. Rg3 Ne5 29. Bxe5 Qxe5 30. Reg1 Rg8 31. Qc1 Kh7 32. Nd1 Qd4 33. Qf4 Rbd8 34.
R3g2 c3 35. bxc3 Bxc3 36. Qc1 Ba5 37. Ne3 Qf6 38. Ng4 Qh4 39. Qc4 Kh8 40. e5
dxe5 41. Qxc5 Be1 42. Nxe5 Rgf8 43. Qe3 Bb4 44. Rg4 Qe7 45. Rxg7 Qf6 46. Nxf7+
Rxf7 47. Rxf7 Qxf7 48. Qxh6+ Qh7 49. Qf6+ 1-0